| 000 | 01084nam0a2200301 4500 | ||
|---|---|---|---|
| 001 | RU\NLR\bibl\1427951 | ||
| 005 | 20260406082853.0 | ||
| 010 |
_a978-5-17-060561-3 _bАСТ |
||
| 010 |
_a978-5-403-01562-2 _bАСТ МОСКВА _92000 |
||
| 021 |
_aRU _b2009-67897 _94191 |
||
| 021 |
_aRU _b2009-67913 _94192 |
||
| 035 | _a(NLR Aleph) 001419872 | ||
| 090 |
_a1335837 _c1335837 |
||
| 100 | _a20091021d2009 |||y0rusy50 ca | ||
| 101 | 1 |
_arus _ceng |
|
| 102 | _aRU | ||
| 105 | _ay z ||||| | ||
| 200 | 1 |
_aНастоящая кровь. Сплошь мертвецы _e[фантастический роман] _fШарлин Харрис _g[пер. с англ. М.Б. Левина] |
|
| 210 |
_aМосква _cАСТ _cАСТ МОСКВА _d2009 |
||
| 215 |
_a318 с. _d21 |
||
| 517 | 0 | _aСплошь мертвецы | |
| 686 | _aШ6(7США)67-445{Лх1979-62} | ||
| 700 | 1 |
_4070 _7ca _8rus _aХаррис _bШ. _f1951- _gШарлин _3RU\NLR\AUTH\770277596 _92649563 |
|
| 801 | 0 |
_aRU _bNLR _c20091021 _gRCR |
|
| 801 | 1 |
_aRU _bNLR _c20091021 |
|
| 942 | _cBOOK | ||
| 980 | _aNB | ||